000 00328nam a2200133Ia 4500
008 231221s9999 xx 000 0 und d
041 _aEnglish
082 _a001.6424JAV VAN;4
100 _aVanhelsuwe, Laurance
245 0 _aMastering Java 1.1
260 _bNew Delhi : BPB,
650 _aMastering,Java,1.1
942 _cCD
999 _c202369
_d202369